| 000 | 02999nam a2200505 c 4500 | ||
|---|---|---|---|
| 003 | BLK | ||
| 005 | 20250527133053.0 | ||
| 008 | 180409b bul|||||r ||||||| ||bul|| | ||
| 010 | _aKNG00149108000 | ||
| 020 |
_a954-509-042-1 _bиздат.: Военноизд. комплекс Св. Георги Победоносец |
||
| 040 | _aBLK | ||
| 041 |
_aBUL _cBUL |
||
| 080 |
_aБългарска православна църква _b281.962 _x(092)(093.3) _z281.962(092)(093.3) |
||
| 080 |
_aЦърковен национален въпрос. Обособяване на самостоятелна българска църква. Създаване на Българска екзархия _b94(497.2)"1870" _x(092)(093.3) _z94(497.2)"1870"(092)(093.3) |
||
| 080 |
_aТрета българска държава (от 1878) _b94(497.2)"1878..." _x(092)(093.3) _z94(497.2)"1878..."(092)(093.3) |
||
| 080 |
_aЛазар Йовчев. Виден висш български православен духовник _b929 Йосиф I, екзарх български _x _z929 Йосиф I, екзарх български |
||
| 100 | 1 |
_aБългарски екзарх Йосиф I _eпърви автор _9327806 |
|
| 700 | 1 |
_aТемелски, Христо Иванов _eтекст, комент. и бел. _9365602 |
|
| 700 | 1 |
_aСъбев, Тодор _eпод ред. на _9327807 |
|
| 700 | 1 |
_aЙосиф I, екзарх български _9373477 |
|
| 139 |
_aЙосиф I, екзарх _bИ 84 |
||
| 245 | 1 | 0 |
_aДневник _cБългарски екзарх Йосиф I; текст, комент. и бел. Христо Иванов Темелски; под ред. на Тодор Събев; * екзарх български Йосиф I. |
| 257 | _aBGR | ||
| 260 |
_аСофия _bВоенноизд. комплекс Св. Георги Победоносец _bУнив. изд. Св. Климент Охридски _c1992 |
||
| 300 |
_a919 с. , 16 л. _bил. , портр. , факс. _c25 см |
||
| 380 | _a2 | ||
| 600 | 1 | 4 |
_aЙосиф І, екзарх български _9250515 |
| 650 | 4 |
_aЙосиф I, екзарх български _9373477 |
|
| 650 | 4 |
_aЦърква, българска - история - спомени _9327808 |
|
| 650 | 4 |
_aЦърковно-национална борба - България - спомени _9327809 |
|
| 650 | 0 |
_aБългария - история, нова - спомени _9243137 |
|
| 651 | 4 |
_aБългария _9241624 |
|
| 653 | _aбългарска православна църква | ||
| 653 | _aдневници | ||
| 653 | _aистория | ||
| 653 | _aцърковна независимост | ||
| 653 | _aбългарска история | ||
| 653 | _aекзарх Йосиф I | ||
| 852 | _aЦб 172799 | ||
| 856 | 4 |
_qpdf _u |
|
| 856 | 4 |
_qpdf _u |
|
| 942 |
_cKNG _n0 _01 |
||
| 944 |
_aCR _c09.08.2013 _lХристина Везирева _k30535 |
||
| 944 |
_aED _c09.08.2013 _l09.08.2013 - от С1,Р / 09.08.2013 _k |
||
| 999 |
_c143004 _d143004 |
||